Catálogo

INTRODUCCION A LA ESTETICA (Registro nro. 50777)

Detalles MARC
000 -LEADER
fixed length control field 00828nam a2200205 a 4500
001 - CONTROL NUMBER
control field 50777
005 - DATE AND TIME OF LATEST TRANSACTION
control field 20180714035947.0
008 - FIXED-LENGTH DATA ELEMENTS--GENERAL INFORMATION
fixed length control field 140415s2004 sp 000 0 spa d
020 ## - INTERNATIONAL STANDARD BOOK NUMBER
International Standard Book Number 8431322047
041 ## - LANGUAGE CODE
Language code of text/sound track or separate title spa
082 ## - DEWEY DECIMAL CLASSIFICATION NUMBER
Classification number 111.85
Item number YAR
100 1# - MAIN ENTRY--PERSONAL NAME
Personal name YARZA, IGNACIO
245 10 - TITLE STATEMENT
Title INTRODUCCION A LA ESTETICA
250 ## - EDITION STATEMENT
Edition statement 1a ed.
260 ## - PUBLICATION, DISTRIBUTION, ETC.
Place of publication, distribution, etc. ESPAÑA :
Name of publisher, distributor, etc. EUNSA,
Date of publication, distribution, etc. 2004
300 ## - PHYSICAL DESCRIPTION
Extent 314
Dimensions 17 x 1.1 x 23.9
490 ## - SERIES STATEMENT
Series statement INICIACIÓN FILOSÓFICA
520 ## - SUMMARY, ETC.
Summary, etc. IGNACIO YARZA DISEÑA UN ITINERARIO HISTORICO-FILOSOFICO, DESDE PLATON HASTA NUESTROS DIAS, PARA MOSTRAR COMO LOS FILOSOFOS HAN TRATADO DE RESOLVER ESTAS Y OTRAS COMPLEJAS CUESTIONES. EL RESULTADO ES UN ACCESIBLE TEXTO INTRODUCTORIO, EN EL QUE EL AUTOR NO RENUNCIA, SIN EMBARGO, A PROPONER UNA CONCRETA RESPUESTA TEORICA.
650 14 - SUBJECT ADDED ENTRY--TOPICAL TERM
Topical term or geographic name entry element ESTETICA
Existencias
Withdrawn status Lost status Source of classification or shelving scheme Damaged status Not for loan Collection code Home library Current library Shelving location Date acquired Source of acquisition Inventory number Total Checkouts Total Renewals Full call number Barcode Date last seen Date last checked out Price effective from Koha item type
    Dewey Decimal Classification     General Biblioteca Karol Wojtyla Biblioteca Karol Wojtyla Sala general 03/12/2013 Compra 151000000000000000060585 4 2 111.85 YAR 75814 05/01/2026 19/09/2023 03/12/2013 Libro